00946cam a22002651 4500001001300000003000400013005001700017008004100034010001700075035001900092040002400111042001200135050002300147082001200170100003800182245008000220260002000300300007600320490006600396500005800462504003000520650002700550710002900577810007400606gs 57000185 DLC20260227111405.0780828s1956 gauab b s000 0 eng  ags 57000185  a(OCoLC)4171857 aDLCcUUdOCoLCdDLC apremarc00aQE101b.A12 no. 65 a551/.491 aThomson, Medford Theodore,d1904-14aThe availability and use of water in Georgia,cby M.T. Thomson [and others] aAtlanta,c1956. axiii, 329 p.billus., maps (3 fold. in pocket) diagrs., tables.c23 cm.1 aGeorgia. Dept. of Mines, Mining and Geology. Bulletinvno. 65 aPrepared cooperatively by the U.S. Geological Survey. aBibliography: p. 314-316. 0aWater-supplyzGeorgia.2 aGeological Survey (U.S.)10aGeorgia.bDepartment of Mines, Mining and Geology.tBulletinvno. 65.